000 00652cam a22001934a 4500
020 _a0609606263 (Hardcover)
050 0 0 _aRC514.B593
_bB67 2000
100 1 _aBottoms, Greg.
245 1 0 _aAngelhead :
_bmy brother's descent into madness /
_cGreg Bottoms.
250 _a1st ed.
260 _aNew York :
_bCrown Pub.,
_c2000.
300 _a206 p. ;
650 0 _vBiography.
650 0 _xFamily relationships.
856 4 2 _uhttp://www.loc.gov/catdir/bios/random052/00021353.html
856 4 1 _uhttp://www.loc.gov/catdir/samples/random045/00021353.html
856 4 2 _uhttp://www.loc.gov/catdir/description/random0415/00021353.html
942 _2lcc
_cGEN
999 _c13909
_d13909